Rating consultancy RICS/IRRV/RSA code of practice (Record no. 115061)
[ view plain ]
| 000 -LEADER | |
|---|---|
| fixed length control field | 01835cam a22003015a 4500 |
| 001 - CONTROL NUMBER | |
| control field | L157992 |
| 008 - FIXED-LENGTH DATA ELEMENTS--GENERAL INFORMATION | |
| fixed length control field | 130926s201 xxk 000 0 eng u |
| 020 ## - INTERNATIONAL STANDARD BOOK NUMBER | |
| International Standard Book Number | 9781842195888 |
| 035 ## - SYSTEM CONTROL NUMBER | |
| System control number | (Sirsi) u157992 |
| 041 0# - LANGUAGE CODE | |
| Language code of text/sound track or separate title | eng |
| 110 2# - MAIN ENTRY--CORPORATE NAME | |
| Corporate name or jurisdiction name as entry element | Royal Institution of Chartered Surveyors |
| 9 (RLIN) | 4900 |
| 245 00 - TITLE STATEMENT | |
| Title | Rating consultancy RICS/IRRV/RSA code of practice |
| Remainder of title | Addendum to 3rd edition, September 2013 |
| Medium | [electronic resource] |
| 250 ## - EDITION STATEMENT | |
| Edition statement | 3rd ed. |
| 260 ## - PUBLICATION, DISTRIBUTION, ETC. | |
| Place of publication, distribution, etc. | Coventry |
| Name of publisher, distributor, etc. | RICS |
| Date of publication, distribution, etc. | 2013 |
| 490 #0 - SERIES STATEMENT | |
| Series statement | RICS Code of Practice |
| 505 2# - FORMATTED CONTENTS NOTE | |
| Formatted contents note | Rating consultancy code of practice -- The code of practice applicable in England and Wales -- The code of practice in relation to Scotland -- The code of practice in relation to Northern Ireland -- Appendices |
| 520 ## - SUMMARY, ETC. | |
| Summary, etc. | Appendices A and B to the Rating Consultancy Code of Practice have been amended following the deferment of the next rating revaluation to 2017. The Code requires one or both of these appendices to be provided to clients as part of the written confirmation of the Terms of Engagement for Rating Consultancy advice, unless the instruction relates to work in Northern Ireland where Appendix C can be used and neither Appendix A or B is required. To be read in conjunction with Rating consultancy RICS/IRRV/RSA Code of practice 3rd edition E149804.. |
| 520 ## - SUMMARY, ETC. | |
| Summary, etc. | Supersed by 4 ed 9781783211906 |
| 590 ## - LOCAL NOTE (RLIN) | |
| Local note | KA |
| 651 #4 - SUBJECT ADDED ENTRY--GEOGRAPHIC NAME | |
| Geographic name | England and Wales |
| Chronological subdivision | 1543- |
| 651 #4 - SUBJECT ADDED ENTRY--GEOGRAPHIC NAME | |
| Geographic name | Scotland |
| Chronological subdivision | 1999- |
| 651 #4 - SUBJECT ADDED ENTRY--GEOGRAPHIC NAME | |
| Geographic name | Northern Ireland |
| Chronological subdivision | 2007- |
| 690 ## - LOCAL SUBJECT ADDED ENTRY--TOPICAL TERM (OCLC, RLIN) | |
| Topical term or geographic name as entry element | Finance and taxation |
| 710 2# - ADDED ENTRY--CORPORATE NAME | |
| Corporate name or jurisdiction name as entry element | Institute of Revenues, Rating and Valuation |
| 9 (RLIN) | 2992 |
| 710 1# - ADDED ENTRY--CORPORATE NAME | |
| Corporate name or jurisdiction name as entry element | Rating Surveyors' Association |
| 9 (RLIN) | 2328 |
| 856 41 - ELECTRONIC LOCATION AND ACCESS | |
| Uniform Resource Identifier | <a href="https://www.rics.org/Global/Addendum%20to%203rd%20edition,%20September%202013.pdf">https://www.rics.org/Global/Addendum%20to%203rd%20edition,%20September%202013.pdf</a> |
| Public note | View the addendum to code of practice free of charge (member-only content) at www.rics.org |
| 942 ## - ADDED ENTRY ELEMENTS (KOHA) | |
| Suppress in OPAC | 0 |
| Withdrawn status | Lost status | Source of classification or shelving scheme | Damaged status | Not for loan | Home library | Current library | Shelving location | Date acquired | Total Checkouts | Full call number | Barcode | Date last seen | Copy number | Price effective from | Koha item type |
|---|---|---|---|---|---|---|---|---|---|---|---|---|---|---|---|
| Dewey Decimal Classification | Virtual | Virtual | Online | 26/09/2013 | ONLINE PUBLICATION | 157992-2001 | 06/08/2019 | 1 | 06/08/2019 | Book |